Statistics for Countries considered western civilization Part 2 with a map

Click here to take the quiz!

General Stats

  • This quiz has been taken 7 times
  • The average score is 12 of 15

Answers on the Map

Answers color-coded by a green-red scale on the quiz's map according to % correct below.
 

Answer Stats

Answer% Correct
Italy
100%
Austria
86%
Croatia
86%
Czech Republic
86%
Hungary
86%
Malta
86%
Poland
86%
Slovakia
86%
Slovenia
86%
Vatican City
86%
Belgium
71%
Luxembourg
71%
Netherlands
71%
San Marino
71%
Latvia
57%

Score Distribution

Percentile by Number Answered

Percent of People with Each Score

Your Score History

You have not taken this quiz